|
|
|
|
| LEADER |
00000nam a2200000 a 4500 |
| 001 |
vtls008990952 |
| 003 |
SK-MaSNL |
| 005 |
20260302091745.0 |
| 008 |
240314s1841 xo 000 0 ger |
| 040 |
|
|
|a SNK
|b slo
|c SNK
|e AACR2
|
| 041 |
|
|
|a ger
|
| 044 |
|
|
|a xo
|c SK
|
| 080 |
|
|
|a 352.9
|2 2001
|
| 080 |
|
|
|a (094.76)
|2 2001
|
| 080 |
|
|
|a (439.2)
|2 2001
|
| 100 |
1 |
|
|a Ziči, Karol,
|d 1753-1826
|4 aut
|9 102833
|
| 245 |
1 |
4 |
|a Die von [Sr.] hochgeboren dem herrn Carl Grafen Zichy von Vásonykeő als kőn. Commissär, am 30. November 1838
|b bestättigte Versassung des katholichen Bürger=Verforgungs=Institutes zum heiligen Ladislaus in der kön. Freistadt Preßburg, in ihren allgemeinen Verwaltungs=Grundfatzen dargestellt.
|
| 260 |
|
|
|a Preßburg
|b Buchdruckerei von Anton Edlen v. Schmid.
|c 1841
|
| 300 |
|
|
|a 8, [6] s.
|c 28x23cm
|
| 648 |
|
7 |
|a 19. stor.
|2 SNKPH
|9 278793
|
| 650 |
0 |
7 |
|a samospráva
|2 SNKPH
|9 4165
|
| 650 |
0 |
7 |
|a právo
|2 SNKPH
|9 976
|
| 650 |
0 |
7 |
|a demografia
|2 SNKPH
|9 3827
|
| 651 |
|
7 |
|a Habsburská monarchia (1526-1804)
|2 SNKPH
|9 247372
|
| 700 |
1 |
|
|a Uhl, Karl
|4 oth
|9 505264
|
| 700 |
1 |
|
|a Uz, Dominik
|4 oth
|9 760691
|
| 700 |
1 |
|
|a Gervay, Michael
|4 oth
|9 760692
|
| 700 |
1 |
|
|a Községhy, Benedick J.
|4 oth
|9 760693
|
| 700 |
1 |
|
|a Schöninger, Georg
|4 oth
|9 760694
|
| 700 |
1 |
|
|a Wende, Frank
|4 oth
|9 366547
|
| 710 |
|
2 |
|a Šmid, Anton (Bratislava, Slovensko)
|4 prt
|9 593604
|
| 752 |
|
|
|a Slovensko
|d Bratislava
|
| 999 |
|
|
|c 1202011
|d 1203941
|
| 952 |
|
|
|a SNK
|b SNK
|y VYP
|7 0
|p 17A0654475
|o snkSB 14100 D1
|i snkK 1039/78
|8 3
|3 rekatalogizácia
|0 0
|1 0
|4 0
|d 2007-05-21
|l 0
|r 2026-02-24 22:45:42
|w 2026-02-24
|
| 952 |
|
|
|a SNK
|b SNK
|y PREZ
|7 0
|p 17A0839335
|o snkSB 14100
|0 0
|1 0
|4 0
|d 2012-07-23
|f 1
|l 0
|r 2025-03-14 00:00:00
|w 2026-02-24
|